|
|
|
|
| LEADER |
01377nam a2200385Ia 4500 |
| 001 |
EBC530042 |
| 003 |
MiAaPQ |
| 005 |
20200520144314.0 |
| 006 |
m o d | |
| 007 |
cr cn||||||||| |
| 008 |
091204s2010 enk sb 001 0 eng d |
| 010 |
|
|
|z 2009048119
|
| 020 |
|
|
|z 9781405194150 (hardback : alk. paper)
|
| 035 |
|
|
|a (MiAaPQ)EBC530042
|
| 035 |
|
|
|a (Au-PeEL)EBL530042
|
| 035 |
|
|
|a (CaPaEBR)ebr10383646
|
| 035 |
|
|
|a (CaONFJC)MIL320483
|
| 035 |
|
|
|a (OCoLC)630541184
|
| 040 |
|
|
|a MiAaPQ
|c MiAaPQ
|d MiAaPQ
|
| 050 |
|
4 |
|a HT166
|b .M246165 2010
|
| 082 |
0 |
4 |
|a 307.1/16094
|2 22
|
| 245 |
0 |
0 |
|a Making competitive cities
|h [electronic resource] /
|c edited by Sako Musterd, Alan Murie.
|
| 260 |
|
|
|a Chichester, West Sussex, U.K. ;
|a Ames, IA :
|b Blackwell,
|c c2010.
|
| 300 |
|
|
|a xv, 360 p.
|
| 504 |
|
|
|a Includes bibliographical references and index.
|
| 533 |
|
|
|a Electronic reproduction. Ann Arbor, MI : ProQuest, 2015. Available via World Wide Web. Access may be limited to ProQuest affiliated libraries.
|
| 650 |
|
0 |
|a City planning.
|
| 650 |
|
0 |
|a Community development, Urban.
|
| 650 |
|
0 |
|a Urban policy.
|
| 650 |
|
0 |
|a Urban economics.
|
| 655 |
|
4 |
|a Electronic books.
|
| 700 |
1 |
|
|a Musterd, Sako.
|
| 700 |
1 |
|
|a Murie, Alan.
|
| 710 |
2 |
|
|a ProQuest (Firm)
|
| 856 |
4 |
0 |
|u https://ebookcentral.proquest.com/lib/matrademy/detail.action?docID=530042
|z Click to View
|